000 00622nam a22001817a 4500
005 20251108175600.0
008 250721s2018 xx 000 0 ara d
082 1 4 _aم/ط/331.1025/مهن
100 1 _aعبده، عماد ابراهيم
_eمترجم
245 1 0 _aالمهن : الدليل المصور للعثور على العمل المثالي بالنسبة لك /
264 1 _aعمان :
_bالاهلية للنشر والتوزيع،
_c2018.
300 _a316ص.
650 1 7 _aالمهن
650 1 7 _aالادله
653 _aناشئون كبار(15-18) سنة
942 _2ddc
_cBK
999 _c137520
_d137520